[Event "Rodovremesterskabet Gruppe A 2005"]
[Site "Rodovre"]
[Date "2005.10.25"]
[Round "7"]
[White "Smidt, Johnny"]
[Black "Johansen, Erik"]
[Result "0-1"]
[WhiteElo "1593"]
[BlackElo "1610"]
[PlyCount "116"]
[EventDate "2005.??.??"]
[SourceDate "2005.09.07"]

1. e4 e6 2. d4 d5 3. Nd2 dxe4 4. Nxe4 Nd7 5. Bc4 Ngf6 6. Ng5 Nb6 7. Bb3 h6 8.
N5h3 c5 9. c3 cxd4 10. Nf3 Bc5 11. cxd4 Bb4+ 12. Bd2 Bxd2+ 13. Qxd2 O-O 14. O-O
Nbd5 15. Ne5 Bd7 16. f4 Bb5 17. Rfe1 Qb6 18. Kh1 a5 19. a3 a4 20. Ba2 Rac8 21.
Rad1 Rc7 22. Bb1 Bc6 23. Ng1 Rfc8 24. Ngf3 Nh5 25. Qd3 f5 26. Nc4 Nhxf4 27.
Nxb6 Nxd3 28. Bxd3 Nxb6 29. Rxe6 Bxf3 30. gxf3 Rc1 31. Rxc1 Rxc1+ 32. Kg2 Nd5
33. Kg3 f4+ 34. Kg4 Kf7 35. Re5 Rg1+ 36. Kh3 Nf6 37. Rb5 Rd1 38. Rxb7+ Kf8 39.
Rb8+ Ke7 40. Rb7+ Kf8 41. Bc4 Rxd4 42. Rb4 g5 43. Rxa4 h5 44. Ra8+ Kg7 45. Ra7+
Kg6 46. Ba2 g4+ 47. fxg4 hxg4+ 48. Kh4 Rd1 49. Bc4 f3 50. Kg3 Rb1 51. Kh4 Rd1
52. Kg3 Rd2 53. Bf1 Rd1 54. Bc4 Rb1 55. b4 f2 56. Bd3+ Kh6 57. Ra6 f1=Q 58.
Bxf1 Rxf1 0-1